01726cam a22004094i 4500003000900000005001700009008004100026020001500067020001800082035002700100035002100127040010900148050002300257082002200280100002700302245012500329264005600454300006100510336002100571337002500592338002300617504004000640504003200680505047800712526001001190526001001200526001001210526001001220526000801230526000801238526000801246526000801254526000801262526000801270526000801278650003001286PE-LiUPU20250731173040.0101207s2011 moua rb 001 0beng  a0758626851 a9780758626851 a(Sirsi) i9780758626851 a(OCoLC)659756672 aDLCbengcDLCdBTCTAdCDXdYDXCPdCVNdLNTdOCLCFdGWDNBdDEBBGdCHVBKdRCTdOCLCQdOCLCOdPE-LiUPUerda00aBR333.3b.P67 201104a284.1092bP792221 aPosset, Franz,eautor.14aThe real Luther :ba friar at Erfurt and Wittenberg : exploring Luther's life with Melanchthon as guide /cFranz Posset. 1aSt. Louis, MO :bConcordia Publishing House,c2011. axxii, 195 páginas :bilustraciones ;c23 centímetros atext2rdacontent aunmediated2rdamedia avolume2rdacarrier aBibliografía : páginas 177-190. aIndice : páginas 191-195.0 aToward the anniversary in 2017 -- Gearing up for the Luther year 2017 -- Philip Melanchthon's memoirs as guide -- In the context of the late medieval "Bernard Renaissance" -- Luther directed Melanchthon to Saint Bernard -- The young Melanchthon on Bernard -- Melanchthon in mid-career on Bernard (1531) -- Melanchthon's change of mind -- Melanchthon's memoirs : the preface to the second volume of Luther's works (1546) -- Appendix: The young Luther : chronology 1501-1517. aSEG42 aSEG41 aSEG40 aSEG39 aP94 aP87 aP86 aP85 aP77 aP76 aP35 7aLuther, Martin, 1483-1546